| 000 | 01923nam a22001577a 4500 | ||
|---|---|---|---|
| 999 |
_c517090 _d517090 |
||
| 008 | 210630b ||||| |||| 00| 0 eng d | ||
| 100 |
_aKowalewska, Helen _926100 |
||
| 245 | _aBringing Women on Board: The Social Policy Implications of Gender Diversity in Top Jobs | ||
| 260 | _aJournal of Social Policy | ||
| 300 | _a49(4), Oct, 2020: p.744-762 | ||
| 520 | _aThis paper argues that analyses of the gendered character of welfare states should be broadened to include women’s share of board and executive roles, as well as the affirmative-action policies (e.g. gender boardroom quotas) that help to overcome the gender stereotypes (e.g. women are ‘nice’, men are ‘assertive’) and opaque selection procedures at the root of this. Such indicators may seem beyond the remit of social policy analysis, which is concerned foremost with the analysis of ‘social risk’. However, drawing on evidence from across multiple disciplines, this paper argues that achieving a ‘critical mass’ of women in board and executive positions can bring women’s issues onto companies’ agendas and lead to the adoption of female-friendly practices, policies, and cultures at the firm level. Crucially, these practices, policies, and cultures can help to reduce the incidence of gendered social risks (employment/care conflicts, economic dependence on a partner) and sexual harassment among women at lower levels of the labour market. Thus, the paper highlights another dimension to the social-regulatory function of welfare states which has to date been overlooked, namely legislative requirements on companies to achieve gender diversity in their leadership structures. – Reproduced | ||
| 650 |
_aOccupational welfare, Body rights, Discrimination, Sexual harassment, The regulatory welfare state, women as change agents _924364 |
||
| 773 | _aJournal of Social Policy | ||
| 906 | _aOCCUPATIONAL WELFARE | ||
| 942 | _cAR | ||